000
00321nam a22001337a 4500
008
170607b xxu||||| |||| 00| 0 eng d
020
_a
9780801485695
041
_a
eng
080
_a
94
100
_a
18
101
_a
SHH
245
_a
THE BETWEEN FUTURE HISTORY OF THE AND HOLOCAUST MEMORY
_c
LANG,B
942
_2
udc
_c
BK
999
_c
16331
_d
16331